| 000 | 00763nam a2200217Ia 4500 | ||
|---|---|---|---|
| 999 |
_c41521 _d41521 |
||
| 001 | 8188 | ||
| 003 | GE_BSU | ||
| 005 | 20240216172510.0 | ||
| 008 | 181216s1975ge xx |||||||||||||| ||geo|| | ||
| 040 | _cGE_BSU | ||
| 041 | _ageo | ||
| 080 | _a821.353.1-1 ე-78 | ||
| 100 |
_aერისთავი, თამარ. _915066 |
||
| 245 |
_aლექსები / _cთამარ ერისთავი ; რედ. იზა ორჯონიკიძე. |
||
| 264 |
_aთბილისი : _bმერანი, _c1975. |
||
| 300 |
_a105 გვ; _b1ფ.პორტ. _c15 სმ. |
||
| 541 | _h3ლ. | ||
| 653 | _aლექსები. | ||
| 700 |
_a ორჯონიკიძე, იზა _eრედაქტორი _915067 |
||
| 942 |
_cBK _2udc |
||